00560nam a2200181 a 450000100100000000500170001000800410002702000150006804000250008310000280010824500860013626000510022230000200027349000110029350400300030470000330033483000110036700004254620201002040227.0131211s1977 sp 000 0 spa d a8470780395 aDO-SdBNPbspacBNPHU1 aColas Latorre, Gregorio10aAragon bajo los Austrias. /cGregorio Colas Latorre, José Antonio Salas Ausent. aZaragoza, España :bLibreria General,c1977. a167 p ;c19 cm.1 aAragon aBibliografía p: 165-1671 aSalas Ausent, José Antonio 0aAragon